| 000 | 01202nam0a2200325 4500 | ||
|---|---|---|---|
| 001 | RU\NLR\BIBL_A\022275130 | ||
| 005 | 20260409070103.0 | ||
| 010 | _a978-5-6044942-7-1 | ||
| 035 | _a(NLR Aleph) 022275130 | ||
| 090 |
_a12368827 _c12368827 |
||
| 100 | _a20240709d2024 u y0rusy50 ca | ||
| 101 | 0 | _arus | |
| 102 | _aRU | ||
| 105 | _aa z 000yy | ||
| 181 | 0 |
_ai _baxxe |
|
| 182 | 0 | _an | |
| 200 | 1 |
_aПроисхождение человека и пассионарность _fОрлов Д. Б. |
|
| 203 |
_aТекст _bвизуальный _cнепосредственный |
||
| 210 |
_aМосква _c[б. и.] _d2024 |
||
| 215 |
_a124 с. _cил., цв. ил. _d21 |
||
| 320 | _aБиблиогр. в подстроч. примеч. | ||
| 606 | 1 |
_aЧеловек _xПроисхождение _xОригинальные теории _92131433 _3RU\NLR\AUTH\661589915 |
|
| 606 |
_aЭволюция (биол.) _3RU\NLR\AUTH\66136599 _91142724 |
||
| 686 | 1 | _aЕ72в011.1 | |
| 686 | 1 | _aЕ02 | |
| 700 | 1 |
_8rus _7ca _aОрлов _bД. Б. _cкраевед _gДмитрий Б. _3RU\NLR\AUTH\7731524 _914534 |
|
| 942 | _cBOOK | ||
| 980 | _aNB | ||